000 01290nam a2200325Ia 4500
001 ebr10127931
003 CaPaEBR
006 m u
007 cr cn|||||||||
008 041115s2005 ne a sb 001 0 eng d
010 _z 2004026784
020 _z0125947518 (casebound : alk. paper)
040 _aCaPaEBR
_cCaPaEBR
035 _a(OCoLC)162576548
050 1 4 _aTJ1187
_b.R62 2005eb
082 0 4 _a621.9/92
_222
100 1 _aRong, Yiming,
_d1958-
245 1 0 _aAdvanced computer-aided fixture design
_h[electronic resource] /
_cYiming (Kevin) Rong, Samuel H. Huang, Zhikun Hou.
260 _aAmsterdam ;
_aBoston :
_bElsevier,
_c2005.
300 _aix, 414 p. :
_bill.
504 _aIncludes bibliographical references and index.
533 _aElectronic reproduction.
_bPalo Alto, Calif. :
_cebrary,
_d2009.
_nAvailable via World Wide Web.
_nAccess may be limited to ebrary affiliated libraries.
650 0 _aJigs and fixtures
_xComputer-aided design.
650 0 _aMachine-tools
_xComputer-aided design.
655 7 _aElectronic books.
_2local
700 1 _aHuang, Samuel H.
700 1 _aHou, Zhikun.
710 2 _aebrary, Inc.
856 4 0 _uhttp://site.ebrary.com/lib/rucke/Doc?id=10127931
_zAn electronic book accessible through the World Wide Web; click to view
999 _c81993
_d81993